| 000 | 00660nam a2200229Ia 4500 | ||
|---|---|---|---|
| 008 | 160319s9999 xx 000 0 und d | ||
| 020 | _a971086307X | ||
| 050 | _a372.62 | ||
| 050 | _bM539s 2002 | ||
| 100 | _aDecal-Mendoza, Elenita. | ||
| 245 | _aSining ng pagbigkas at pasulat na pakikipagtalastasan / | ||
| 245 | _cElenita Decal-Menoza. | ||
| 260 | _aMandaluyong City : | ||
| 260 | _bNational Book Store, | ||
| 260 | _c2010 | ||
| 300 | _axiv, 118 pages : | ||
| 300 | _c22 cm. | ||
| 650 | _aFilipino language. | ||
| 650 | _aPhilippine languages. | ||
| 650 | _aPhilippine literature (Filipino) | ||
| 650 | _aPhilippine literature (Filipino) | ||
| 999 |
_c292132 _d292132 |
||